MDQL
is popping MORE tags! Check the
thread
!
Quizzes
Events
Quiz Creation
Community
Videos
Private Events
Remove Ads
Sign In
Join for FREE
Feedback
Dark Mode
Quiz Categories
Sports
Geography
Music
Movies
Television
Just For Fun
Miscellaneous
History
Literature
Language
Science
Gaming
Entertainment
Religion
Holiday
For Kids
Quiz Lab
Recent
Popular Today
Quiz Kudos Today
Editor Picks
Curator Picks
Quizzes by...
Day
Popularity
Type
Ratings
Length
Year
Community
Subscriptions
Recent Discussions
Orange Saloon
Badges
Playlists
Quests
Create
Leaderboards
Showdown
Live 5
Trivia Bingo
Activity
Puzzle Library
Sporcle Events
Private Events
Virtual Trivia
Globe League
Become a Host
Pub Owners
SporcleCon
Opinionation
Our Games
Videos
Blog
Mobile Apps
Partnerships
Remove Ads and Go Orange
Feedback
Sports
Athletes
MLB
NBA
NHL
NFL
Soccer
Sports Teams
WWE
NCAA
Football
Premier League
Basketball
Baseball
Hockey
Golf
Tennis
Cricket
Rugby
Auto Racing
Olympics
World Cup
Sports
Athletes
MLB
NBA
NHL
NFL
Soccer
Sports Teams
WWE
NCAA
Football
Premier League
Basketball
Baseball
Hockey
Golf
Tennis
Cricket
Rugby
Auto Racing
Olympics
World Cup
Random Quiz
Search Sporcle
×
Quiz Lab
Quiz Lab
Sports
1970s
Type in answers that appear in a list
Type in answers that appear in a list
Classic
Best Score? Go Orange.
Receivers since 1970 Stats
Can you name the leading receivers since 1970?
By
DogBeenShot911
10m
200 Questions
140 Plays
140 Plays
140 Plays
Comments
Comments
Give Quiz Kudos
Give Quiz Kudos
-
- Ratings
hide this ad
Replay
Link that replays current quiz
Next Quiz
Link to next quiz in quiz playlist
You Got
0%
They Got
Avg Score
52%
Avg Friend Score
Upgrade to see
Score Distribution
Jump to the score distribution portion of the page
Score
0/200
Timer
10:00
0
Plays Today
% Correct
Randy Moss
97.9%
Randy Moss
97.9%
Santana Moss
97.9%
Randy Moss
97.9%
Randy Moss
97.9%
Randy Moss
97.9%
Randy Moss
97.9%
Randy Moss
97.9%
Andre Johnson
97.1%
Andre Johnson
97.1%
Calvin Johnson
97.1%
Sydney Rice
96.4%
Jerry Rice
96.4%
Jerry Rice
96.4%
Jerry Rice
96.4%
Jerry Rice
96.4%
Jerry Rice
96.4%
Jerry Rice
96.4%
Jerry Rice
96.4%
Jerry Rice
96.4%
Jerry Rice
96.4%
Jerry Rice
96.4%
Jerry Rice
96.4%
Terrell Owens
94.3%
Terrell Owens
94.3%
Terrell Owens
94.3%
Steve Smith
90.7%
Roy Williams
90.7%
Steve Smith
90.7%
Jimmy Smith
90.7%
Rod Smith
90.7%
Jimmy Smith
90.7%
Rod Smith
90.7%
Jimmy Smith
90.7%
Jimmy Smith
90.7%
Jimmy Smith
90.7%
JT Smith
90.7%
Marvin Harrison
85.7%
Marvin Harrison
85.7%
Marvin Harrison
85.7%
Marvin Harrison
85.7%
Wes Welker
83.6%
Torry Holt
83.6%
Isaac Bruce
83.6%
Torry Holt
83.6%
Torry Holt
83.6%
Torry Holt
83.6%
Isaac Bruce
83.6%
Harold Jackson
82.1%
Harold Jackson
82.1%
Hines Ward
77.9%
Anthony Carter
77.9%
Lynn Swann
77.1%
Larry Fitzgerald
76.4%
Larry Fitzgerald
76.4%
Larry Fitzgerald
76.4%
Tim Brown
75.7%
Tim Brown
75.7%
Michael Irvin
75.7%
Tim Brown
75.7%
Michael Irvin
75.7%
Tim Brown
75.7%
Michael Irvin
75.7%
Michael Irvin
75.7%
Eddie Brown
75.7%
Andre Reed
75%
Andre Reed
75%
% Correct
Jake Reed
74.3%
Roddy White
70%
Reggie White
70%
Sammy White
70%
Anquan Boldin
66.4%
Anquan Boldin
66.4%
Donald Driver
63.6%
Gary Clark
61.4%
Gary Clark
61.4%
Gary Clark
61.4%
Gary Clark
61.4%
Dwight Clark
61.4%
Chad Ochocinco
60.7%
Chad Ochocinco
60.7%
Chad Ochocinco
60.7%
Chad Ochocinco
60.7%
Sterling Sharpe
60.7%
Sterling Sharpe
60.7%
Sterling Sharpe
60.7%
Sterling Sharpe
60.7%
Plaxico Burress
60%
Steve Largent
60%
Steve Largent
60%
Steve Largent
60%
Steve Largent
60%
John Stallworth
59.3%
John Stallworth
59.3%
Miles Austin
57.1%
Art Monk
56.4%
Art Monk
56.4%
Rob Moore
55%
Herman Moore
55%
Herman Moore
55%
Derrick Mason
54.3%
Mark Clayton
54.3%
Otis Taylor
54.3%
Otis Taylor
54.3%
Cliff Branch
50.7%
Cliff Branch
50.7%
Cliff Branch
50.7%
Muhsin Muhammad
50%
Isaac Bruce
50%
Isaac Bruce
50%
Javon Walker
47.1%
Wesley Walker
47.1%
Mark Duper
45%
Kellen Winslow
44.3%
Kellen Winslow
44.3%
Joe Horn
42.9%
Amani Toomer
42.9%
Antonio Freeman
41.4%
David Boston
40%
Irving Fryar
37.9%
John Stallworth
37.9%
Roy Green
37.1%
Roy Green
37.1%
Drew Pearson
37.1%
Drew Pearson
37.1%
Drew Pearson
37.1%
Fred Biletnikoff
37.1%
Lee Evans
36.4%
Andre Rison
36.4%
Andre Rison
36.4%
Andre Rison
36.4%
Harold Carmichael
35.7%
Harold Carmichael
35.7%
Ricky Sanders
34.3%
% Correct
Drew Hill
33.6%
Drew Hill
33.6%
James Lofton
31.4%
James Lofton
31.4%
James Lofton
31.4%
James Lofton
31.4%
James Lofton
31.4%
Charlie Joiner
30.7%
Charlie Joiner
30.7%
Charlie Joiner
30.7%
Cris Collinsworth
29.3%
John Jefferson
29.3%
John Jefferson
29.3%
John Jefferson
29.3%
Paul Warfield
29.3%
Eric Moulds
28.6%
Al Toon
27.9%
Steve Watson
25.7%
Henry Ellard
25%
Henry Ellard
25%
Henry Ellard
25%
Henry Ellard
25%
Stanley Morgan
21.4%
Ahmad Rashad
21.4%
Ahmad Rashad
21.4%
Robert Brooks
20.7%
Terance Mathis
20%
Wes Chandler
20%
Wes Chandler
20%
Frank Lewis
20%
Isaac Curtis
20%
Isaac Curtis
20%
Gene Washington
17.9%
Gene Washington
17.9%
Gene Washington
17.9%
Mike Quick
16.4%
Mike Quick
16.4%
Marcus Robinson
15.7%
Alfred Jenkins
15%
Roger Carr
12.1%
Charle Young
10.7%
Yancey Thigpen
10%
Hayword Jeffries
10%
Ken Burrough
10%
Ken Burrough
10%
Ken Burrough
10%
Mel Gray
10%
Mel Gray
10%
Fred Barnett
8.6%
James Scott
7.1%
John Gilliam
5%
John Gilliam
5%
John Gilliam
5%
Michael Haynes
3.6%
Mark Carrier
3.6%
Carlos Carson
3.6%
Carlos Carson
3.6%
Todd Christensen
3.6%
Pat Tilley
3.6%
Gary Garrison
3.6%
Gary Garrison
3.6%
Gary Garrison
3.6%
Dick Gordon
2.9%
Rich Caster
2.1%
Ron Jessie
0.7%
Marlin Briscoe
0.7%
Quiz Playlist
Details
Report
Send in Message
Add To Playlist
Classic:
Type in answers that appear in a list
Quiz Source
Last Updated: Feb 16, 2017
Quiz Scoreboard
CHALLENGE
Sign Up to Join the Scoreboard
Show All
Scores
Hide
Comments
May contain spoilers
Recently Published
Find the 'City' Movie
by crazypaving
Movies
60s
5x2 Blitz: Bands
by SL_Kpop136
Music
30s
Colored Red Africa Blitz
by spor1
Geography
30s
More to Explore
Quiz From the Vault
Featured Blog Post
14 Easter Pick-up Lines to Find Eggs With
hide this ad
You Might Also Like...
Tags
1970s
Leading
Receiver
Today's Top Quizzes in Sports
Browse Sports
hide this ad
Today's Top Quizzes in 1970s
Browse 1970s
Top Contributed Quizzes in Sports
1
Les entraîneurs de l'OM et du PSG au 21e siècle
2
Les meilleurs buteurs des matchs entre le PSG et l’OM
3
Les joueurs passés par le PSG et l'OM
4
Players with Multiple 50 Home Run Seasons
5
2022 World Cup Stars
6
Criteria MLB: Left Handed Sluggers
7
NBA Logic Puzzle 2.0
8
MLB Players with Two .350 Batting Average Seasons
9
Top 10 NHL Goal Scorers of All Time
10
Les joueurs passés par le LOSC et le RC Lens
Explore More
Trending Topics
NBA
Anime
Marvel
Disney
Harry Potter
Kpop
Crossword
Soccer
Song
Pokémon
WWE
Puzzle
The Office
Country
NFL
hide this ad
More By:
DogBeenShot911
Quiz
Plays
Rating
Category
Featured
Created
Wars by Causes
1,651
2.16
History
Feb 13, 2010
History's Famous Generals
1,599
2.50
History
Feb 12, 2010
Wars by Ending
764
1.77
History
Feb 14, 2010
Famous Generals II
601
3.33
History
Feb 13, 2010
Famous Assassinations
439
2.89
History
Feb 12, 2010
Go to Creator's Profile
Score Distribution
Quiz Creator Spotlight
DogBeenShot911
Follow
Send a Message
Quizzes Created
-
Created Quiz Play Count
-
More By This Creator
Popular Quizzes Today
1
Colored Red Africa Blitz
2
Find the 'City' Movie
3
Find the US States - No Outlines Minefield
4
5x2 Blitz: Bands
5
The Countries of the World
6
Find the US States
7
Find the Countries of Europe - No Outlines Minefield
8
US States
More Sports Quizzes
MLB MVP's with less than 5.0 WAR
Quiz Lab
Trending Quizzes
Colored Red Europe Blitz I
Colored Red Africa Blitz II
Colored Red Europe Blitz II
Colored Red Europe Blitz III
Colored Red Africa Blitz III
Recently Updated
How Do You Spell That?
pecheneg
Godzilla Movies
pecheneg
Grab Bag: 4-10 Letters
pecheneg
2024 March Madness Bracket
pecheneg
Famous TV Couples
Peacemaker
Champions League XIs: Real Madrid
pecheneg
Largest US Cities 1790-2010
pecheneg
Rides in Walt Disney World
pecheneg
Most Oscar Losses (Acting)
pecheneg
Beyoncé Albums
pecheneg
Trending Topics
Crossword
Disney
NBA
Harry Potter
Anime
Kpop
Marvel
WWE
Pokémon
Soccer
Country
Song
The Office
Puzzle
NFL
Your Account Isn't Verified!
In order to create a playlist on Sporcle, you need to verify the email address you used during registration. Go to your
Sporcle Settings
to finish the process.
Report this User
Report this user for behavior that violates our
Community Guidelines
.
Details:
Send Report
Go to the Sporcle.com Mobile Site →
Comments